GYNAECOOGICAL ENDOSCOPY / (Record no. 794815)

MARC details
000 -LEADER
fixed length control field 00502pam a2200193 a 4500
020 ## - INTERNATIONAL STANDARD BOOK NUMBER
Terms of availability 95.00 (PB)
041 ## - LANGUAGE CODE
Language code of text/sound track or separate title eng
Language code of original NULL
082 ## - DEWEY DECIMAL CLASSIFICATION NUMBER
Classification number 618
Item number DAL/PAT
100 ## - MAIN ENTRY--PERSONAL NAME
Personal name PATEL , D .
245 ## - TITLE STATEMENT
Title GYNAECOOGICAL ENDOSCOPY /
Statement of responsibility, etc. NULL.
Medium Textual Documents
260 ## - PUBLICATION, DISTRIBUTION, ETC.
Place of publication, distribution, etc. NULL :
Name of publisher, distributor, etc. THE NATIONAL BOOK DEPOT ,
Date of publication, distribution, etc. 1986.
300 ## - PHYSICAL DESCRIPTION
Extent 162 :
Other physical details XViii ;
Dimensions A4 .
365 ## - TRADE PRICE
Price type code 95.00
Price note 4
650 ## - SUBJECT ADDED ENTRY--TOPICAL TERM
Topical term or geographic name entry element OBST.GYNE
700 ## - ADDED ENTRY--PERSONAL NAME
Personal name DALAL, B .
907 ## - LOCAL DATA ELEMENT G, LDG (RLIN)
a 1344
-- 1345
-- 1346
-- 1347
930 ## - EQUIVALENCE OR CROSS-REFERENCE-UNIFORM TITLE HEADING [LOCAL, CANADA]
Uniform title 279
Holdings
Withdrawn status Lost status Damaged status Not for loan Collection Home library Current library Date acquired Source of acquisition Cost, normal purchase price Total Checkouts Full call number Barcode Date last seen Copy number Price effective from Koha item type Date due Date last checked out
          Medical College & Hospital, Sangli Medical College & Hospital, Sangli 28/11/2011 B.M.S.G.B.PUNE 95.00   618 DAL/PAT MCS-1347 26/07/2023 5 26/07/2023 Book    
          Medical College & Hospital, Sangli Medical College & Hospital, Sangli 28/11/2011 B.M.S.G.B.PUNE 95.00 1 618 DAL/PAT MCS-1346 06/10/2023 4 26/07/2023 Book 01/10/2043 06/10/2023
          Medical College & Hospital, Sangli Medical College & Hospital, Sangli 28/11/2011 B.M.S.G.B.PUNE 95.00   618 DAL/PAT MCS-1345 26/07/2023 3 26/07/2023 Book    
          Medical College & Hospital, Sangli Medical College & Hospital, Sangli 28/11/2011 B.M.S.G.B.PUNE 95.00   618 DAL/PAT MCS-1344 26/07/2023 2 26/07/2023 Book    
          Medical College & Hospital, Sangli Medical College & Hospital, Sangli 28/11/2011 B.M.S.G.B.PUNE 95.00   618 DAL/PAT MCS-1343 26/07/2023 1 26/07/2023 Book